The marketing of tropical wood : Wood species fromSouth American tropical moist forests

Bibliographic Details
Main Author: ERFURTH
Corporate Author: Food and Agriculture Organization of the United Nations (FAO)
Other Authors: Erfurth, Rusche
Format: Book
Published: Rome : Food and Agriculture Organization of the United Nations , 1976
Subjects:

MARC

LEADER 00000cam a2200000 7i4500
001 0000001551
005 20010801.0
020 0 0 |a 9251002150 
090 0 0 |a 382.4152098   |b ERF 1976 
100 1 0 |a ERFURTH   |h T. 
245 1 4 |a The marketing of tropical wood :   |b Wood species fromSouth American tropical moist forests   |c T. Erfurth and H. Rusche 
260 0 0 |a Rome :   |b Food and Agriculture Organization of the United Nations ,   |c 1976 
300 |a iv, 32 p. ;   |c 28 cm. 
650 0 0 |a Forest products   |z America, South   |x Marketing 
650 0 0 |a Rain forests   |z America, South 
700 0 1 |a Erfurth   |h T. 
700 0 1 |a Rusche   |h H. 
710 1 1 |a Food and Agriculture Organization of the United Nations (FAO) 
998 |a JPSM 
999 |a 0000003920   |b Monograph   |c Open Shelf   |e Default branch